Statistics for U.S. Presidents A-Z

Click here to take the quiz!

General Stats

  • This quiz has been taken 81 times
  • The average score is 21 of 23

Answer Stats

President#% Correct
AAbraham Lincoln, etc6
100%
WWoodrow Wilson, etc6
100%
GGeorge Washington, etc8
100%
HBenjamin Harrison, etc7
100%
TThomas Jefferson, etc6
100%
BBill Clinton, etc8
100%
RRonald Reagan, etc6
98%
DDonald Trump, etc3
98%
JJohn Adams, etc12
98%
CJimmy Carter, etc5
97%
FGerald R. Ford, etc5
95%
LLyndon B. Johnson, etc2
92%
NRichard Nixon1
92%
MJames Madison, etc4
88%
QJohn Quincy Adams1
86%
S | UUlysses S. Grant1
86%
EDwight D. Eisenhower1
86%
OBarack Obama1
85%
PJames K. Polk, etc2
78%
KJohn F. Kennedy, etc.2
78%
ZZachary Taylor1
68%
VMartin Van Buren1
60%

Score Distribution

Percentile by Number Answered

Percent of People with Each Score

Your Score History

You have not taken this quiz